Statystyki dla Największe jeziora w Polsce

Kliknij tutaj aby rozwiązać quiz!

Ogólne statystyki

  • Ten quiz został rozwiązany 27 razy
  • Średni wynik to 3 z 10

Statystyki odpowiedzi

MiejscePowierzchnia (ha)Jeziora% Poprawnych
111340Śniardwy
95%
210282Mamry
79%
102154Gopło
42%
37140Łebsko
42%
63219Jeziorak
26%
72600Niegocin
21%
45408Dąbie
16%
82468Gardno
16%
92239Jamno
5%
53527Miedwie
0%

Rozkład punktacji

Percentyl według liczby udzielonych odpowiedzi

Procent ludzi z każdym wynikiem

Twoja historia wyników

Nie rozwiązałeś tego quizu